000 00672nam a2200241 i 4500
001 C2-0287411
003 PPAK
005 20180728020727.0
008 080211s2005 ctu |||| ||||| | eng d
020 _a159228762X
040 _aPPAK
_beng
_cPPAK
_erda
082 0 4 _a940.548673092
_223
090 0 0 _a940.548673092
_bPEA
_dRLCK
100 1 _aPearson, Judith L,
_eauthor
245 1 4 _aThe wolves at the door
264 1 _aConnecticut :
_bThe Lyons Press ,
_c2005
300 _ax, 260 pages ;
_c24 cm
336 _2rdacontent
_atext
337 _2rdamedia
_aunmediated
338 _2rdacarrier
_avolume
650 1 0 _aSpies - United States - Biography
942 _ddc
_cB
999 _c93111
_d93111